| 000 | 00508 a2200157 4500 | ||
|---|---|---|---|
| 020 | _a8176351148 | ||
| 040 | _aDLC | ||
| 082 | _a005.133 | ||
| 100 | _aLafore, Robert | ||
| 245 |
_aThe Waite Groupe's C programming for the pc and turbo C++ _cRobert Lafore |
||
| 260 |
_aNew Delhi: _bTechmedia, _c1993. |
||
| 300 |
_a xxxi, 778 p. _b ill. _c23 cm. _e:23 cm. |
||
| 500 | _a Includes Index | ||
| 650 | _a 1.Turbo C++.2.C (Computer program language).3.C++ (Computer program language) | ||
| 942 |
_cBK _k005.133 LAF _2ddc |
||
| 999 |
_c6024 _d6024 |
||